000 00934nam0a2200289 4500
001 RU\NLR\BIBL_A\022691100
005 20251228043424.0
010 _92000
035 _a(NLR Aleph) 022691100
090 _a13508004
_c13508004
100 _a20251218d1956 m y0rusy50 ca
101 0 _atyv
_crus
102 _aRU
105 _ay z 000 y
181 0 _ai
_baxxe
182 0 _an
200 1 _aСЭКП-ниң ХХ съездизинге чугаазы
_fМ. З. Сабуров
203 _aТекст
_bвизуальный
_cнепосредственный
210 _aКызыл
_cТываның ном үндүрер чери
_d1956
215 _a24, [1] с.
_d20
541 1 _aРечь на ХХ съезде КПСС
_zrus
686 1 _aФ61(2)11
700 1 _aСабуров
_bМ. З.
_f1900-1977
_gМаксим Захарович
_4070
852 _aNLR
_bОНЛ
_jТув./2-321
942 _cBOOK
980 _aNB